| 000 | 00497nam a2200169 4500 | ||
|---|---|---|---|
| 001 | 131765 | ||
| 003 | ES-MaACL | ||
| 005 | 20231207063026.0 | ||
| 007 | t| | ||
| 008 | 070214s1972 sp r ||||1| spa d | ||
| 100 | 1 |
_aRof Carballo, Juan, _d1905-1994 _998915 |
|
| 245 | 1 | 0 |
_aBiología y psicoanálisis / _cJuan Rof Carballo. |
| 260 |
_aBilbao : _bDescleé de Brouwer, _c1972. |
||
| 300 |
_a627 p. : _bil. ; _c21 cm. |
||
| 852 |
_aES-MaACL _jC-49341 _bR.84246 |
||
| 999 |
_c131765 _d131765 |
||